000
00334cam a2200145ua 4500
003
OSt
008
221107b |||||||| |||| 00| 0 eng d
041
_a
eng
082
_a
338.9
_b
PLA/TH
245
_a
Third five year plan
260
_a
Kerala :
_b
Govt. of Kerala ,
_c
1965.
300
_a
185 ; .
500
_a
**Reference
942
_c
BK
999
_c
7915
_d
7915